Alle Städte am Main - Statistiken

Allgemein
  • Dieses Quiz wurde 143 mal gespielt
  • Das Durchschnittsergebnis liegt bei 17 aus 50
Antwortstatistiken
Einwohner Stadt Bundesland % Korrekt
763.380 Frankfurt am Main Hessen
96%
130.280 Offenbach am Main Hessen
88%
126.954 Würzburg Bayern
87%
70.858 Aschaffenburg Bayern
85%
96.492 Hanau Hessen
82%
278.474 Wiesbaden Hessen
82%
76.674 Bamberg Bayern
76%
53.319 Schweinfurt Bayern
72%
65.881 Rüsselsheim am Main Hessen
65%
74.048 Bayreuth Bayern
62%
9.288 Miltenberg Bayern
51%
22.141 Kitzingen Bayern
47%
39.553 Maintal Hessen
44%
22.832 Wertheim BW
43%
13.593 Haßfurt Bayern
39%
25.781 Kulmbach Bayern
38%
21.267 Seligenstadt Hessen
35%
15.016 Lohr am Main Bayern
34%
28.652 Mühlheim am Main Hessen
32%
21.659 Flörsheim am Main Hessen
31%
27.674 Hattersheim am Main Hessen
29%
11.248 Ochsenfurt Bayern
29%
17.945 Hochheim am Main Hessen
28%
17.029 Kelsterbach Hessen
28%
20.034 Lichtenfels Bayern
28%
14.930 Karlstadt Bayern
26%
10.235 Erlenbach am Main Bayern
25%
10.006 Gemünden am Main Bayern
25%
16.854 Ginsheim-Gustavsburg Hessen
24%
11.243 Marktheidenfeld Bayern
21%
8.696 Obernburg am Main Bayern
21%
8.796 Volkach Bayern
20%
16.312 Raunheim Hessen
19%
4.772 Wörth am Main Bayern
17%
6.234 Klingenberg am Main Bayern
16%
10.474 Bad Staffelstein Bayern
14%
5.617 Zeil am Main Bayern
13%
3.727 Freudenberg BW
12%
7.266 Dettelbach Bayern
11%
3.973 Marktbreit Bayern
11%
1.536 Stadtprozelten Bayern
10%
5.370 Eltmann Bayern
8%
4.384 Bad Berneck im Fichtelgebirge Bayern
7%
3.957 Baunach Bayern
7%
6.399 Burgkunstadt Bayern
7%
8.699 Hallstadt Bayern
7%
1.995 Marktsteft Bayern
7%
1.001 Rothenfels Bayern
7%
3.094 Eibelstadt Bayern
6%
4.994 Creußen Bayern
5%
Keine übereinstimmenden Quizze gefunden
Verteilung der Resultate
Anzahl Personen mit jedem Resultat
Perzentil nach korrekt beantworteten Fragen
Ihre Resultats-Entwicklung
Sie haben dieses Quiz noch nicht gespielt